000 00754nam a2200169 i 4500
001 163018
003 ES-MaACL
005 20260126135922.0
008 931025s1876 sp |||| | spa d
111 2 _a
_9242722
245 1 0 _aDiscurso sobre el estado y trabajos de la Real Academia de Bellas Artes de San Fernando durante el trienio 1872 á 1875 /
_cleído por su director, Federico de Madrazo en la junta pública del día 13 de febrero de 1876.
260 _aMadrid :
_b[s.n.],
_c1876 (
_fImp. y Fundición de Manuel Tello)
300 _a21 p. ;
_c26 cm.
700 1 _aMadrazo y Kuntz, Federico de,
_d1815-1894
_975343
852 _aES-MaACL
_jF-M-III-N(II)
_z- Enc. pasta española
_z- Enc. en un vol. facticio
999 _c163018
_d163018